000 00587nam a2200205Ia 4500
005 20250923150000.0
008 008 250917s9999 xx 000 0 eng d
037 _aTextual
040 _aDSWL
_beng
_cDSWL
041 _aeng
_2eng
084 _aY:45111, N98
_qDSWL
100 _aAldridge, David
_9840984
245 0 _aSuicide : Tragedy of Hopelessness
_c by David Aldridge
260 _aLondon
_b Jassica Kingsley Publishers
_c1998
300 _avii,311p.
365 _aGBP
_b14.95
925 _g14.95
942 _cTEXL
_hY:45111, N98
999 _c1458119
_d1458119